01726cam a2200265 a 4500001001900000003000400019005001700023008004100040020001800081035002500099035002100124040002400145041001800169080000800187111008200195245035400277260006500631300004200696520045100738546004401189650004101233650003801274650009001312710005801402991013259199706706OSt20211227142049.0091230s2009 spc|||||s|||| 100 0|mul|c a9788493695927 a(ES-BaCBU).b43284450 a(OCoLC)804491862 aES-BaCBUbcatcCDMR0 aspaacataeng a3012 aCongrés Internacional Comunicació i Realitatn(5è :d2009 :cBarcelona)13aLa Metamorfosi de l’espai mediàtich[Recurs electrònic]:bV Congrés Internacional Comunicació i realitat = La metamorfosis del espacio mediático : V Congreso Internacional Comunicación y realidad = Metamorphosis of the media space : International Congress Communication and reality /cAlfons Medina, Josep Rom, Francesc Canosa (eds.) a[Barcelona] :bFacultat de Comunicació Blanquerna,c[2009] a1 disc òptic (CD-ROM) (678, 542 p.) 2Comunicacions presentades al congrés en format PDF. Inclou 2 volums amb els següents apartats: 1. Metamorfosi de l’espai mediàtic: mitjans de comunicació i democràcia. 2. Generació digital: oportunitats i riscos dels públics, La transformació dels usos comunicatius. 3. La hibridació de la informació. 4. Metamorfosi dels formats en l’àmbit publicitari. 5. La multiplicitat de pantalles: dels mitjans als continguts aText en català, castellà i anglès 4aComunicacióxCongressoszCatalunya 0aPeriodismexCongressoszCatalunya04aMitjans de comunicació de massaxInnovacions tecnològiquesvCongressoszCatalunya2 aFacultat de Ciències de la Comunicació Blanquerna